|
|
|
|
| LEADER |
00000nam a2200000 a 4500 |
| 001 |
UCQ6446 |
| 003 |
CL-VaPUC |
| 008 |
981016e19620000CL |||||||||||||||||spa|d |
| 082 |
0 |
4 |
|a Ch863.09
|b ROJ
|2 21
|
| 100 |
0 |
|
|a Rojas, Manuel
|e author
|9 313776
|
| 245 |
1 |
0 |
|a Antología autobiográfica
|
| 300 |
|
|
|a 278 p
|
| 942 |
|
|
|c BK
|
| 945 |
|
|
|d 19981016 00:00:00
|a crobeson
|
| 260 |
|
|
|a Santiago
|b Ercilla
|c 1962
|
| 600 |
0 |
7 |
|a ROJAS, MANUEL
|2 CL-VaPUC
|9 313776
|
| 650 |
|
0 |
|a Novela chilena
|9 307631
|
| 650 |
|
0 |
|a Literatura chilena
|9 308278
|
| 650 |
|
0 |
|a Autobiografías
|9 265171
|
| 583 |
|
|
|a last modification
|c 19981016 00:00:00
|k Rodrigo Vera
|
| 999 |
|
|
|c 276403
|d 276401
|
| 952 |
|
|
|0 0
|1 0
|4 0
|6 CH_863_090000000000000_ROJ_1962
|7 0
|8 A
|9 313615
|a BIBEDU
|b BIBEDU
|d 2019-11-20
|i 148172K
|o Ch863.09 ROJ 1962
|p 148172K
|r 2019-11-20
|w 2019-11-20
|y BK
|k LIT
|